| LEADER 01174nam 2200277 a 4500 |
| 001 12334103914 |
| 003 ULIB |
| 008 030417s2550 th a sb 001 0 tha |
| 060 4 ^aWY16.9^bส747อ 2550
|
| 110 2 ^aมหาวิทยาลัยสุโขทัยธรรมาธิราช.^bสาขาวิชาพยาบาลศาสตร์
|
| 245 10 ^aเอกสารการสอนชุดวิชาประสบการณ์วิชาชีพการพยาบาล =^bProfessional experience in nursing /^cมหาวิทยาลัยสุโขทัยธรรมาธิราช.สาขาวิชาพยาบาลศาสตร์
|
| 246 30 ^aประสบการณ์วิชาชีพการพยาบาล
|
| 260 ^aนนทบุรี :^bโรงพิมพ์มหาวิทยาลัยสุโขทัยธรรมาธิราช,^c2550
|
| 300 ^a2 เล่ม :^bภาพประกอบ
|
| 500 ^aล. 1 หน่วยที่ 1-8 - - ล. 2 หน่วยที่ 9-15
|
| 650 7 ^aการพยาบาล
|
| 650 7 ^aจรรยาบรรณพยาบาล
|
| 650 7 ^aพยาบาล
|
| 650 7 ^aพยาบาลวิชาชีพ
|
| 913 ^aImported by ULIBM Administrator
|
| 949 ^aImport form external file by ULIBM system
|
| 999 ^aสุณิสา
|